000
00350nam a2200169Ia 4500
100
_a
Larsen/Kristine
650
_a
Biography
942
_c
BK
366
_f
28
654
_a
stephen hawking
245
_a
Stephen Hawking:A Biography
260
_b
Penram
_c
2015
082
_b
LAR
300
_a
165
546
_a
ENGLISH
_c
Computers
999
_c
23127
_d
23127